000 00515cam a2200205ua 4500
020 _a81-224-1131-2
_c250.00
041 _aeng
_h
082 _a532
_bGAR/FL
100 _aGarde, R J .
245 _aFluid mechanics through problems /
_cR J Garde.
_hTextual Documents
250 _a2 /
_b.
260 _aNew Delhi :
_bNew Age International Ltd ,
_c1997.
300 _a632 ; .
365 _a250.00
500 _a20320 CSS
504 _a
942 _cBK
999 _c7393
_d7393